000 00541nam a2200217Ia 4500
003 OSt
005 20220928145127.0
006 a|||||r|||| 00| 0
007 ta
008 220927b |||||||| |||| 00| 0 eng d
024 _a79020
037 _cTextual
040 _aSDCL
_cSDCL
_beng
041 _2eng
_aeng
082 _az2, L3
100 _aDharmendra Nath Shastri Ed.
_9511812
245 0 _aStudies in indology.
260 _c1973
942 _hz2, L3
_cTEXL
_2CC
999 _c832152
_d832152